[Event "Tournoi Skype 015B"]
[Site "Skype"]
[Date "????.??.??"]
[Round "7.28"]
[White "Vervoort, Jean-Louis"]
[Black "Melin, Christiane"]
[Result "1-0"]
[WhiteElo "1304"]
[BlackElo "1174"]
[PlyCount "71"]

1. d4 d5 2. c4 c6 3. Nc3 Nf6 4. Bg5 e6 5. e3 Nbd7 6. Nf3 Be7 7. Bxf6 Nxf6 8.
Qb3 O-O 9. Bd3 c5 10. cxd5 cxd4 11. exd4 Qd6 12. Nb5 Qb8 13. dxe6 Bxe6 14. Qc2
Bb4+ 15. Nd2 Qf4 16. Nc3 Rae8 17. g3 Qxd4 18. O-O Rd8 19. Bxh7+ Nxh7 20. Nf3
Qc4 21. Ne5 f6 22. Nxc4 Bxc4 23. Rfe1 Rfe8 24. Rec1 Rd2 25. Qxd2 Ng5 26. Qd7
Nf3+ 27. Kg2 Re7 28. Qd8+ Kf7 29. Kxf3 Re8 30. Qd4 Ba5 31. Qxc4+ Re6 32. Re1
Ke7 33. Qxe6+ Kd8 34. Rad1+ Kc7 35. Rd7+ Kb8 36. Qe8+ 1-0

[Event "Tournoi Skype 015B"]
[Site "Skype"]
[Date "????.??.??"]
[Round "7.29"]
[White "Kruk, Clementine"]
[Black "Talbot, Jean"]
[Result "1-0"]
[WhiteElo "1035"]
[BlackElo "1041"]
[PlyCount "53"]

1. e4 e5 2. Nf3 Nc6 3. Bc4 Bc5 4. d3 Nf6 5. Bg5 h6 6. Bh4 O-O 7. Nc3 Na5 8. Bb3
d6 9. Nd5 Nxd5 10. Bxd8 Nb4 11. Bxc7 Bg4 12. h3 Bh5 13. Bxa5 Nc6 14. Qd2 b6 15.
Bc3 Rad8 16. O-O-O Rfe8 17. Ba4 Rc8 18. g4 Bg6 19. d4 exd4 20. Nxd4 Ne5 21.
Bxe8 Rxe8 22. Qf4 f6 23. Nf5 h5 24. Nxd6 Bxd6 25. Rxd6 Nc4 26. Rd7 Bxe4 27. Re1
1-0

[Event "Tournoi Skype 015B"]
[Site "Skype"]
[Date "????.??.??"]
[Round "7.31"]
[White "Gagnon, Sindy"]
[Black "Farthouat, Catherine"]
[Result "0-1"]
[WhiteElo "1049"]
[BlackElo "1039"]
[PlyCount "68"]

1. e4 e5 2. Nc3 d6 3. Nf3 Nf6 4. Be2 c5 5. O-O a6 6. d3 Nc6 7. Nd5 Ng4 8. Bg5
f6 9. Bh4 Be7 10. c4 O-O 11. h3 Nh6 12. a3 Be6 13. b4 Nd4 14. Nxd4 cxd4 15. a4
Rc8 16. b5 Bxd5 17. exd5 Re8 18. bxa6 bxa6 19. Rb1 f5 20. Bg3 f4 21. Bh5 g6 22.
Bf3 fxg3 23. fxg3 Nf5 24. Qd2 Nxg3 25. Rfc1 Bg5 26. Qb4 Be3+ 27. Kh2 Bxc1 28.
Rxc1 Nf5 29. g4 Ne3 30. Qb7 h6 31. Qxa6 Qf6 32. Be4 Qf4+ 33. Kg1 Qg3+ 34. Bg2
Qxg2# 0-1